[Event "April 9 Early 2024"]
[Site "Chess.com"]
[Date "2024.04.09"]
[Round "1"]
[White "Kunz, Andre"]
[Black "Golubev, Mikhail"]
[Result "0-1"]
[Board "211"]
[WhiteFideId "24623652"]
[BlackFideId "14100983"]
[WhiteTitle "CM"]
[BlackTitle "GM"]
[WhiteElo "2314"]
[BlackElo "2638"]
[WhiteTeam "GER"]
[BlackTeam "UKR"]
[WhiteClock "0:00:36"]
[BlackClock "0:00:16"]
[Variant "Standard"]

1. Nf3 {[%clk 0:02:59]}  d6 {[%clk 0:02:59]} 2. e4 {[%clk 0:02:59]}  c5 {[%clk 0:02:57]} 3. c3 {[%clk 0:02:59]}  Nf6 {[%clk 0:02:56]} 4. d3 {[%clk 0:02:58]}  g6 {[%clk 0:02:55]} 5. Be2 {[%clk 0:02:58]}  Bg7 {[%clk 0:02:55]} 6. O-O {[%clk 0:02:59]}  O-O {[%clk 0:02:55]} 7. Be3 {[%clk 0:02:59]}  c4 {[%clk 0:02:47]} 8. Nbd2 {[%clk 0:02:54]}  cxd3 {[%clk 0:02:46]} 9. Bxd3 {[%clk 0:02:55]}  Nc6 {[%clk 0:02:41]} 10. h3 {[%clk 0:02:54]}  d5 {[%clk 0:02:36]} 11. Qc2 {[%clk 0:02:50]}  Qc7 {[%clk 0:02:22]} 12. Rad1 {[%clk 0:02:40]}  dxe4 {[%clk 0:02:16]} 13. Nxe4 {[%clk 0:02:40]}  Nxe4 {[%clk 0:02:16]} 14. Bxe4 {[%clk 0:02:39]}  Be6 {[%clk 0:02:16]} 15. Nd4 {[%clk 0:02:35]}  Nxd4 {[%clk 0:02:14]} 16. Bxd4 {[%clk 0:02:35]}  Bxd4 {[%clk 0:02:08]} 17. Rxd4 {[%clk 0:02:36]}  a5 {[%clk 0:01:50]} 18. Rfd1 {[%clk 0:02:33]}  a4 {[%clk 0:01:50]} 19. Bd5 {[%clk 0:02:30]}  Bf5 {[%clk 0:01:24]} 20. Be4 {[%clk 0:02:27]}  Bxe4 {[%clk 0:01:21]} 21. Qxe4 {[%clk 0:02:27]}  a3 {[%clk 0:01:17]} 22. Rd7 {[%clk 0:02:10]}  Qc8 {[%clk 0:01:14]} 23. Rxb7 {[%clk 0:02:07]}  axb2 {[%clk 0:01:12]} 24. Rxb2 {[%clk 0:02:07]}  Qxc3 {[%clk 0:01:11]} 25. Rc2 {[%clk 0:02:06]}  Qa3 {[%clk 0:00:57]} 26. Rd3 {[%clk 0:02:02]}  Qa4 {[%clk 0:00:52]} 27. Qxa4 {[%clk 0:01:58]}  Rxa4 {[%clk 0:00:53]} 28. Rd7 {[%clk 0:01:59]}  e6 {[%clk 0:00:52]} 29. Kf1 {[%clk 0:01:55]}  Rfa8 {[%clk 0:00:48]} 30. Rcc7 {[%clk 0:01:53]}  Rf4 {[%clk 0:00:46]} 31. Rd2 {[%clk 0:01:43]}  h5 {[%clk 0:00:38]} 32. g3 {[%clk 0:01:43]}  Rf3 {[%clk 0:00:32]} 33. Ke2 {[%clk 0:01:34]}  Rfa3 {[%clk 0:00:30]} 34. Rcc2 {[%clk 0:01:30]}  Kg7 {[%clk 0:00:30]} 35. h4 {[%clk 0:01:25]}  e5 {[%clk 0:00:27]} 36. Kf1 {[%clk 0:01:25]}  e4 {[%clk 0:00:25]} 37. Re2 {[%clk 0:01:24]}  R3a4 {[%clk 0:00:24]} 38. Kg2 {[%clk 0:01:22]}  R8a7 {[%clk 0:00:24]} 39. f3 {[%clk 0:01:17]}  exf3+ {[%clk 0:00:23]} 40. Kxf3 {[%clk 0:01:18]}  Ra3+ {[%clk 0:00:22]} 41. Kg2 {[%clk 0:01:16]}  R7a4 {[%clk 0:00:21]} 42. Kf2 {[%clk 0:01:06]}  Rg4 {[%clk 0:00:17]} 43. Re3 {[%clk 0:01:04]}  Rxe3 {[%clk 0:00:17]} 44. Kxe3 {[%clk 0:01:05]}  Rxg3+ {[%clk 0:00:17]} 45. Kf2 {[%clk 0:01:02]}  Rg4 {[%clk 0:00:18]} 46. a3 {[%clk 0:00:50]}  Rxh4 {[%clk 0:00:18]} 47. Ra2 {[%clk 0:00:51]}  Ra4 {[%clk 0:00:18]} 48. Kg3 {[%clk 0:00:51]}  g5 {[%clk 0:00:17]} 49. Kf3 {[%clk 0:00:50]}  Kg6 {[%clk 0:00:18]} 50. Kg3 {[%clk 0:00:49]}  h4+ {[%clk 0:00:17]} 51. Kh3 {[%clk 0:00:50]}  f5 {[%clk 0:00:18]} 52. Kg2 {[%clk 0:00:50]}  g4 {[%clk 0:00:17]} 53. Kh2 {[%clk 0:00:51]}  Kg5 {[%clk 0:00:17]} 54. Kg2 {[%clk 0:00:51]}  h3+ {[%clk 0:00:17]} 55. Kh2 {[%clk 0:00:51]}  Kh4 {[%clk 0:00:17]} 56. Kh1 {[%clk 0:00:50]}  g3 {[%clk 0:00:17]} 57. Kg1 {[%clk 0:00:51]}  f4 {[%clk 0:00:17]} 58. Ra1 {[%clk 0:00:50]}  Kg4 {[%clk 0:00:17]} 59. Kh1 {[%clk 0:00:50]}  f3 {[%clk 0:00:16]} 60. Kg1 {[%clk 0:00:49]}  h2+ {[%clk 0:00:16]} 61. Kh1 {[%clk 0:00:49]}  Kh3 {[%clk 0:00:16]} 62. Rg1 {[%clk 0:00:35]}  g2+ {[%clk 0:00:15]} 63. Rxg2 {[%clk 0:00:36]}  fxg2# {[%clk 0:00:16]} 0-1

[Event "April 9 Early 2024"]
[Site "Chess.com"]
[Date "2024.04.09"]
[Round "1"]
[White "Krallis, Christos"]
[Black "Hoffmann, Asa"]
[Result "1-0"]
[Board "212"]
[WhiteFideId "4298896"]
[BlackFideId "2001470"]
[WhiteTitle "FM"]
[BlackTitle "FM"]
[WhiteElo "2635"]
[BlackElo "2312"]
[WhiteTeam "GRE"]
[BlackTeam "USA"]
[WhiteClock "0:00:19"]
[BlackClock "0:00:00"]
[Variant "Standard"]

1. d4 {[%clk 0:02:51]}  Nf6 {[%clk 0:02:59]} 2. c4 {[%clk 0:02:50]}  c5 {[%clk 0:02:58]} 3. Nf3 {[%clk 0:02:49]}  cxd4 {[%clk 0:02:58]} 4. Nxd4 {[%clk 0:02:49]}  e5 {[%clk 0:02:58]} 5. Nb3 {[%clk 0:02:46]}  Nc6 {[%clk 0:02:51]} 6. Nc3 {[%clk 0:02:41]}  a5 {[%clk 0:02:51]} 7. Na4 {[%clk 0:02:30]}  Bb4+ {[%clk 0:02:46]} 8. Bd2 {[%clk 0:02:28]}  Qe7 {[%clk 0:02:46]} 9. a3 {[%clk 0:02:27]}  Bxd2+ {[%clk 0:02:42]} 10. Qxd2 {[%clk 0:02:26]}  O-O {[%clk 0:02:34]} 11. Nb6 {[%clk 0:02:19]}  Rb8 {[%clk 0:02:28]} 12. Nd5 {[%clk 0:02:18]}  Nxd5 {[%clk 0:02:19]} 13. cxd5 {[%clk 0:02:17]}  a4 {[%clk 0:02:16]} 14. Nc1 {[%clk 0:02:07]}  Nd4 {[%clk 0:02:13]} 15. e3 {[%clk 0:02:06]}  Nf5 {[%clk 0:02:08]} 16. Nd3 {[%clk 0:02:04]}  Nd6 {[%clk 0:02:07]} 17. Qb4 {[%clk 0:01:58]}  b5 {[%clk 0:02:02]} 18. Rc1 {[%clk 0:01:52]}  Bb7 {[%clk 0:02:01]} 19. e4 {[%clk 0:01:49]}  Rfc8 {[%clk 0:01:59]} 20. Rc5 {[%clk 0:01:43]}  f5 {[%clk 0:01:41]} 21. exf5 {[%clk 0:01:36]}  e4 {[%clk 0:01:40]} 22. Nf4 {[%clk 0:01:28]}  Qe5 {[%clk 0:01:33]} 23. Ne2 {[%clk 0:01:16]}  Nxf5 {[%clk 0:01:29]} 24. Rxb5 {[%clk 0:01:05]}  Bxd5 {[%clk 0:01:20]} 25. Nc3 {[%clk 0:01:03]}  Rxb5 {[%clk 0:01:14]} 26. Nxb5 {[%clk 0:00:38]}  e3 {[%clk 0:01:02]} 27. f4 {[%clk 0:00:23]}  Rc1+ {[%clk 0:00:49]} 28. Ke2 {[%clk 0:00:23]}  Bc4+ {[%clk 0:00:39]} 29. Qxc4+ {[%clk 0:00:21]}  Rxc4 {[%clk 0:00:34]} 30. fxe5 {[%clk 0:00:21]}  Rc2+ {[%clk 0:00:33]} 31. Kd3 {[%clk 0:00:18]}  Rxb2 {[%clk 0:00:32]} 32. Kc3 {[%clk 0:00:18]}  Rb3+ {[%clk 0:00:30]} 33. Kc2 {[%clk 0:00:17]}  Kf8 {[%clk 0:00:26]} 34. g4 {[%clk 0:00:18]}  Ne7 {[%clk 0:00:22]} 35. Be2 {[%clk 0:00:18]}  Nc6 {[%clk 0:00:21]} 36. Bc4 {[%clk 0:00:15]}  Rxb5 {[%clk 0:00:15]} 37. Bxb5 {[%clk 0:00:15]}  Nxe5 {[%clk 0:00:15]} 38. Re1 {[%clk 0:00:15]}  d5 {[%clk 0:00:15]} 39. Rxe3 {[%clk 0:00:15]}  Nxg4 {[%clk 0:00:15]} 40. Rg3 {[%clk 0:00:15]}  Nf6 {[%clk 0:00:15]} 41. Bxa4 {[%clk 0:00:15]}  g6 {[%clk 0:00:14]} 42. Kd3 {[%clk 0:00:15]}  Ke7 {[%clk 0:00:13]} 43. Kd4 {[%clk 0:00:16]}  Kd6 {[%clk 0:00:13]} 44. Rb3 {[%clk 0:00:16]}  Ne4 {[%clk 0:00:13]} 45. Rb6+ {[%clk 0:00:17]}  Kc7 {[%clk 0:00:13]} 46. Ra6 {[%clk 0:00:17]}  Kb7 {[%clk 0:00:10]} 47. Re6 {[%clk 0:00:17]}  Ng5 {[%clk 0:00:09]} 48. Re7+ {[%clk 0:00:17]}  Kb6 {[%clk 0:00:09]} 49. h4 {[%clk 0:00:18]}  Nf3+ {[%clk 0:00:08]} 50. Kxd5 {[%clk 0:00:18]}  Nxh4 {[%clk 0:00:08]} 51. Bc6 {[%clk 0:00:19]}  Nf5 {[%clk 0:00:07]} 52. Rb7+ {[%clk 0:00:19]}  Ka6 {[%clk 0:00:07]} 53. Kc5 {[%clk 0:00:19]}  h5 {[%clk 0:00:00]} 54. Rb8 {[%clk 0:00:19]} 1-0

[Event "April 9 Early 2024"]
[Site "Chess.com"]
[Date "2024.04.09"]
[Round "1"]
[White "Bashylina, Luisa"]
[Black "Dixit, Nikhil"]
[Result "0-1"]
[Board "213"]
[WhiteFideId "12983292"]
[BlackFideId "5059534"]
[WhiteTitle "WFM"]
[BlackTitle "FM"]
[WhiteElo "2311"]
[BlackElo "2634"]
[WhiteTeam "GER"]
[BlackTeam "IND"]
[WhiteClock "0:00:10"]
[BlackClock "0:00:06"]
[Variant "Standard"]

1. d4 {[%clk 0:02:59]}  Nf6 {[%clk 0:02:59]} 2. c4 {[%clk 0:02:57]}  g6 {[%clk 0:02:56]} 3. Nf3 {[%clk 0:02:55]}  Bg7 {[%clk 0:02:56]} 4. g3 {[%clk 0:02:56]}  O-O {[%clk 0:02:56]} 5. Bg2 {[%clk 0:02:57]}  d6 {[%clk 0:02:55]} 6. O-O {[%clk 0:02:56]}  Nc6 {[%clk 0:02:56]} 7. Nc3 {[%clk 0:02:54]}  e5 {[%clk 0:02:50]} 8. d5 {[%clk 0:02:47]}  Ne7 {[%clk 0:02:38]} 9. e4 {[%clk 0:02:46]}  c6 {[%clk 0:02:04]} 10. Ne1 {[%clk 0:02:39]}  cxd5 {[%clk 0:02:03]} 11. cxd5 {[%clk 0:02:35]}  Bd7 {[%clk 0:02:03]} 12. Nd3 {[%clk 0:02:35]}  Qc8 {[%clk 0:01:47]} 13. Re1 {[%clk 0:02:31]}  Bg4 {[%clk 0:01:45]} 14. f3 {[%clk 0:02:30]}  Bh3 {[%clk 0:01:44]} 15. Bh1 {[%clk 0:02:30]}  Nd7 {[%clk 0:01:40]} 16. Be3 {[%clk 0:02:25]}  f5 {[%clk 0:01:40]} 17. Nb5 {[%clk 0:02:20]}  Nf6 {[%clk 0:01:24]} 18. Nxd6 {[%clk 0:02:11]}  Qd7 {[%clk 0:01:24]} 19. Nc4 {[%clk 0:02:09]}  fxe4 {[%clk 0:01:24]} 20. fxe4 {[%clk 0:02:09]}  Ng4 {[%clk 0:01:24]} 21. Qd2 {[%clk 0:01:59]}  Nxe3 {[%clk 0:01:18]} 22. Nxe3 {[%clk 0:02:00]}  Bh6 {[%clk 0:01:17]} 23. Nxe5 {[%clk 0:01:49]}  Qb5 {[%clk 0:01:08]} 24. Nf3 {[%clk 0:01:38]}  Qb6 {[%clk 0:00:56]} 25. Rac1 {[%clk 0:01:20]}  Rae8 {[%clk 0:00:46]} 26. Qd4 {[%clk 0:01:03]}  Qxd4 {[%clk 0:00:31]} 27. Nxd4 {[%clk 0:01:04]}  Bxe3+ {[%clk 0:00:21]} 28. Rxe3 {[%clk 0:01:04]}  Nxd5 {[%clk 0:00:22]} 29. Ree1 {[%clk 0:00:47]}  Nb6 {[%clk 0:00:20]} 30. Bg2 {[%clk 0:00:43]}  Bxg2 {[%clk 0:00:20]} 31. Kxg2 {[%clk 0:00:44]}  Re5 {[%clk 0:00:21]} 32. Rc7 {[%clk 0:00:42]}  Rf7 {[%clk 0:00:20]} 33. Rxf7 {[%clk 0:00:37]}  Kxf7 {[%clk 0:00:21]} 34. Kf3 {[%clk 0:00:36]}  Nc4 {[%clk 0:00:21]} 35. Re2 {[%clk 0:00:34]}  Nd6 {[%clk 0:00:16]} 36. b3 {[%clk 0:00:32]}  a6 {[%clk 0:00:16]} 37. Kf4 {[%clk 0:00:29]}  Kf6 {[%clk 0:00:15]} 38. g4 {[%clk 0:00:28]}  g5+ {[%clk 0:00:15]} 39. Kf3 {[%clk 0:00:27]}  Nf7 {[%clk 0:00:16]} 40. Nf5 {[%clk 0:00:20]}  Re6 {[%clk 0:00:13]} 41. Rc2 {[%clk 0:00:17]}  Ne5+ {[%clk 0:00:13]} 42. Kg3 {[%clk 0:00:15]}  Nc6 {[%clk 0:00:14]} 43. Re2 {[%clk 0:00:11]}  Ke5 {[%clk 0:00:13]} 44. h4 {[%clk 0:00:11]}  gxh4+ {[%clk 0:00:13]} 45. Kxh4 {[%clk 0:00:12]}  a5 {[%clk 0:00:12]} 46. Kg5 {[%clk 0:00:10]}  b5 {[%clk 0:00:12]} 47. Rc2 {[%clk 0:00:09]}  a4 {[%clk 0:00:10]} 48. Rc5+ {[%clk 0:00:08]}  Kxe4 {[%clk 0:00:10]} 49. Rxb5 {[%clk 0:00:09]}  axb3 {[%clk 0:00:10]} 50. Rxb3 {[%clk 0:00:09]}  Ne5 {[%clk 0:00:10]} 51. Re3+ {[%clk 0:00:08]}  Kd5 {[%clk 0:00:10]} 52. Kh4 {[%clk 0:00:09]}  Ng6+ {[%clk 0:00:08]} 53. Kg5 {[%clk 0:00:08]}  Ra6 {[%clk 0:00:08]} 54. Re2 {[%clk 0:00:08]}  Ra3 {[%clk 0:00:07]} 55. Rh2 {[%clk 0:00:08]}  Ne5 {[%clk 0:00:07]} 56. Kf6 {[%clk 0:00:07]}  Nxg4+ {[%clk 0:00:07]} 57. Kg7 {[%clk 0:00:07]}  Nxh2 {[%clk 0:00:08]} 58. Kxh7 {[%clk 0:00:07]}  Rxa2 {[%clk 0:00:08]} 59. Ne3+ {[%clk 0:00:08]}  Ke4 {[%clk 0:00:08]} 60. Nc4 {[%clk 0:00:08]}  Rc2 {[%clk 0:00:09]} 61. Nd6+ {[%clk 0:00:08]}  Ke5 {[%clk 0:00:09]} 62. Nf7+ {[%clk 0:00:09]}  Kf6 {[%clk 0:00:09]} 63. Nh6 {[%clk 0:00:08]}  Nf3 {[%clk 0:00:06]} 64. Ng8+ {[%clk 0:00:08]}  Kf5 {[%clk 0:00:07]} 65. Nh6+ {[%clk 0:00:09]}  Kg5 {[%clk 0:00:07]} 66. Nf7+ {[%clk 0:00:09]}  Kf6 {[%clk 0:00:07]} 67. Nh6 {[%clk 0:00:09]}  Rc7+ {[%clk 0:00:07]} 68. Kh8 {[%clk 0:00:09]}  Kg6 {[%clk 0:00:08]} 69. Ng8 {[%clk 0:00:10]}  Rh7# {[%clk 0:00:06]} 0-1

[Event "April 9 Early 2024"]
[Site "Chess.com"]
[Date "2024.04.09"]
[Round "1"]
[White "Kvaloy, Aksel Bu"]
[Black "Wesolowska, Hanna"]
[Result "1-0"]
[Board "216"]
[WhiteFideId "1528815"]
[BlackFideId "1104683"]
[WhiteTitle "IM"]
[BlackTitle "WFM"]
[WhiteElo "2632"]
[BlackElo "2302"]
[WhiteTeam "NOR"]
[BlackTeam "POL"]
[WhiteClock "0:01:10"]
[BlackClock "0:00:47"]
[Variant "Standard"]

1. d4 {[%clk 0:03:00]}  Nf6 {[%clk 0:02:58]} 2. Nf3 {[%clk 0:02:59]}  c5 {[%clk 0:02:55]} 3. d5 {[%clk 0:02:57]}  g6 {[%clk 0:02:54]} 4. Nc3 {[%clk 0:02:55]}  Bg7 {[%clk 0:02:54]} 5. e4 {[%clk 0:02:55]}  d6 {[%clk 0:02:53]} 6. Bb5+ {[%clk 0:02:48]}  Nbd7 {[%clk 0:02:51]} 7. a4 {[%clk 0:02:49]}  O-O {[%clk 0:02:51]} 8. h3 {[%clk 0:02:47]}  a6 {[%clk 0:02:51]} 9. Be2 {[%clk 0:02:45]}  Rb8 {[%clk 0:02:51]} 10. O-O {[%clk 0:02:44]}  Nh5 {[%clk 0:02:47]} 11. Be3 {[%clk 0:02:32]}  Re8 {[%clk 0:02:38]} 12. Nd2 {[%clk 0:02:31]}  Nhf6 {[%clk 0:02:37]} 13. a5 {[%clk 0:02:30]}  b5 {[%clk 0:02:34]} 14. axb6 {[%clk 0:02:29]}  Rxb6 {[%clk 0:02:30]} 15. Nc4 {[%clk 0:02:28]}  Rb8 {[%clk 0:02:27]} 16. Ra2 {[%clk 0:02:27]}  Nb6 {[%clk 0:02:25]} 17. Na5 {[%clk 0:02:25]}  Bd7 {[%clk 0:02:23]} 18. Bxa6 {[%clk 0:02:22]}  Ra8 {[%clk 0:02:21]} 19. Bb7 {[%clk 0:02:20]}  Rxa5 {[%clk 0:02:16]} 20. Rxa5 {[%clk 0:02:15]}  Nbxd5 {[%clk 0:02:10]} 21. Ra8 {[%clk 0:02:13]}  Nxc3 {[%clk 0:02:07]} 22. Rxd8 {[%clk 0:02:08]}  Nxd1 {[%clk 0:02:06]} 23. Rxe8+ {[%clk 0:02:08]}  Nxe8 {[%clk 0:02:04]} 24. Rxd1 {[%clk 0:02:08]}  Bxb2 {[%clk 0:02:05]} 25. Bxc5 {[%clk 0:02:08]}  Nc7 {[%clk 0:01:58]} 26. Bd4 {[%clk 0:02:04]}  Bxd4 {[%clk 0:01:55]} 27. Rxd4 {[%clk 0:02:05]}  Kg7 {[%clk 0:01:55]} 28. e5 {[%clk 0:01:37]}  Ne6 {[%clk 0:01:50]} 29. Rd1 {[%clk 0:01:36]}  Nc5 {[%clk 0:01:44]} 30. exd6 {[%clk 0:01:36]}  exd6 {[%clk 0:01:43]} 31. Rxd6 {[%clk 0:01:33]}  Bf5 {[%clk 0:01:43]} 32. Bf3 {[%clk 0:01:30]}  Ne6 {[%clk 0:01:39]} 33. c4 {[%clk 0:01:28]}  Nf4 {[%clk 0:01:30]} 34. h4 {[%clk 0:01:24]}  h5 {[%clk 0:01:28]} 35. g3 {[%clk 0:01:24]}  Nd3 {[%clk 0:01:27]} 36. Rd5 {[%clk 0:01:18]}  Nb4 {[%clk 0:01:25]} 37. Rb5 {[%clk 0:01:17]}  Nd3 {[%clk 0:01:25]} 38. Be2 {[%clk 0:01:15]}  Nc1 {[%clk 0:01:21]} 39. Bf1 {[%clk 0:01:15]}  Na2 {[%clk 0:01:19]} 40. Rb3 {[%clk 0:01:13]}  Nc1 {[%clk 0:01:07]} 41. Rb2 {[%clk 0:01:11]}  Be6 {[%clk 0:00:47]} 42. c5 {[%clk 0:01:10]} 1-0

[Event "April 9 Early 2024"]
[Site "Chess.com"]
[Date "2024.04.09"]
[Round "1"]
[White "Arslanov, Shamil"]
[Black "Blokhin, Sofia"]
[Result "1-0"]
[Board "220"]
[WhiteFideId "4192826"]
[BlackFideId "4508190"]
[WhiteTitle "IM"]
[BlackTitle "WFM"]
[WhiteElo "2629"]
[BlackElo "2300"]
[WhiteTeam "RUS"]
[BlackTeam "EST"]
[WhiteClock "0:00:09"]
[BlackClock "0:00:23"]
[Variant "Standard"]

1. e4 {[%clk 0:03:00]}  c5 {[%clk 0:02:59]} 2. d4 {[%clk 0:02:55]}  cxd4 {[%clk 0:02:58]} 3. f4 {[%clk 0:02:50]}  Nc6 {[%clk 0:02:55]} 4. Bd3 {[%clk 0:02:48]}  e6 {[%clk 0:02:48]} 5. a3 {[%clk 0:02:43]}  d6 {[%clk 0:02:44]} 6. Nf3 {[%clk 0:02:43]}  Nf6 {[%clk 0:02:44]} 7. O-O {[%clk 0:02:42]}  e5 {[%clk 0:02:41]} 8. f5 {[%clk 0:02:36]}  h6 {[%clk 0:02:36]} 9. Qe1 {[%clk 0:02:23]}  Qc7 {[%clk 0:02:35]} 10. Qg3 {[%clk 0:02:15]}  Bd7 {[%clk 0:02:34]} 11. b4 {[%clk 0:02:10]}  O-O-O {[%clk 0:02:31]} 12. Nbd2 {[%clk 0:02:06]}  Nh5 {[%clk 0:02:27]} 13. Qe1 {[%clk 0:01:59]}  Nf4 {[%clk 0:02:28]} 14. Nc4 {[%clk 0:01:58]}  Nxd3 {[%clk 0:02:23]} 15. cxd3 {[%clk 0:01:59]}  b5 {[%clk 0:02:19]} 16. Na5 {[%clk 0:01:56]}  Nxa5 {[%clk 0:02:18]} 17. bxa5 {[%clk 0:01:56]}  Kb8 {[%clk 0:02:16]} 18. Bd2 {[%clk 0:01:54]}  Qb7 {[%clk 0:02:12]} 19. Qb1 {[%clk 0:01:05]}  a6 {[%clk 0:02:09]} 20. Qb3 {[%clk 0:01:03]}  Bc6 {[%clk 0:02:03]} 21. Rac1 {[%clk 0:00:57]}  Rc8 {[%clk 0:02:03]} 22. Rc2 {[%clk 0:00:55]}  Rc7 {[%clk 0:01:46]} 23. Rfc1 {[%clk 0:00:54]}  Be7 {[%clk 0:01:45]} 24. Qxf7 {[%clk 0:00:47]}  Bg5 {[%clk 0:01:41]} 25. Qe6 {[%clk 0:00:37]}  Bxd2 {[%clk 0:01:37]} 26. Nxd2 {[%clk 0:00:37]}  Rd8 {[%clk 0:01:28]} 27. Nf3 {[%clk 0:00:23]}  Re8 {[%clk 0:01:22]} 28. Qg6 {[%clk 0:00:22]}  Rd8 {[%clk 0:01:20]} 29. h3 {[%clk 0:00:21]}  Rdd7 {[%clk 0:01:19]} 30. Qe6 {[%clk 0:00:20]}  Qc8 {[%clk 0:01:10]} 31. Kh2 {[%clk 0:00:19]}  Bb7 {[%clk 0:01:02]} 32. Rxc7 {[%clk 0:00:18]}  Rxc7 {[%clk 0:01:02]} 33. Qxd6 {[%clk 0:00:19]}  Qd7 {[%clk 0:00:54]} 34. Qxc7+ {[%clk 0:00:15]}  Qxc7 {[%clk 0:00:54]} 35. Rxc7 {[%clk 0:00:16]}  Kxc7 {[%clk 0:00:54]} 36. Nxe5 {[%clk 0:00:17]}  Kd6 {[%clk 0:00:49]} 37. Nf3 {[%clk 0:00:17]}  Kc5 {[%clk 0:00:47]} 38. Kg3 {[%clk 0:00:14]}  b4 {[%clk 0:00:44]} 39. axb4+ {[%clk 0:00:14]}  Kxb4 {[%clk 0:00:41]} 40. e5 {[%clk 0:00:13]}  Kc3 {[%clk 0:00:37]} 41. e6 {[%clk 0:00:12]}  Bc6 {[%clk 0:00:36]} 42. Ne5 {[%clk 0:00:12]}  Be8 {[%clk 0:00:35]} 43. Kf4 {[%clk 0:00:12]}  Kb4 {[%clk 0:00:34]} 44. Ke4 {[%clk 0:00:12]}  Kxa5 {[%clk 0:00:33]} 45. Kxd4 {[%clk 0:00:13]}  Kb4 {[%clk 0:00:32]} 46. Kd5 {[%clk 0:00:14]}  a5 {[%clk 0:00:32]} 47. Kd6 {[%clk 0:00:14]}  a4 {[%clk 0:00:32]} 48. Nc4 {[%clk 0:00:10]}  a3 {[%clk 0:00:29]} 49. Nxa3 {[%clk 0:00:10]}  Kxa3 {[%clk 0:00:30]} 50. Ke7 {[%clk 0:00:09]}  Bc6 {[%clk 0:00:29]} 51. Kf7 {[%clk 0:00:08]}  Kb3 {[%clk 0:00:27]} 52. Kxg7 {[%clk 0:00:08]}  Kc3 {[%clk 0:00:27]} 53. f6 {[%clk 0:00:08]}  Kxd3 {[%clk 0:00:23]} 54. f7 {[%clk 0:00:09]} 1-0

[Event "April 9 Early 2024"]
[Site "Chess.com"]
[Date "2024.04.09"]
[Round "1"]
[White "Vincenti, Leonardo"]
[Black "Zavgorodniy, Sergiy"]
[Result "0-1"]
[Board "221"]
[WhiteFideId "28550820"]
[BlackFideId "14110148"]
[WhiteTitle "CM"]
[BlackTitle "IM"]
[WhiteElo "2299"]
[BlackElo "2629"]
[WhiteTeam "ITA"]
[BlackTeam "UKR"]
[WhiteClock "0:02:13"]
[BlackClock "0:02:27"]
[Variant "Standard"]

1. c4 {[%clk 0:02:58]}  c5 {[%clk 0:02:59]} 2. Nc3 {[%clk 0:02:50]}  Nc6 {[%clk 0:03:00]} 3. g3 {[%clk 0:02:49]}  g6 {[%clk 0:03:00]} 4. Bg2 {[%clk 0:02:47]}  Bg7 {[%clk 0:03:01]} 5. Nf3 {[%clk 0:02:45]}  e6 {[%clk 0:03:01]} 6. O-O {[%clk 0:02:44]}  Nge7 {[%clk 0:03:00]} 7. d3 {[%clk 0:02:44]}  O-O {[%clk 0:03:00]} 8. Bf4 {[%clk 0:02:43]}  d5 {[%clk 0:03:00]} 9. cxd5 {[%clk 0:02:43]}  Nxd5 {[%clk 0:03:00]} 10. Nxd5 {[%clk 0:02:42]}  exd5 {[%clk 0:02:59]} 11. Qc2 {[%clk 0:02:42]}  b6 {[%clk 0:02:58]} 12. a3 {[%clk 0:02:42]}  a5 {[%clk 0:02:56]} 13. Rac1 {[%clk 0:02:35]}  Bb7 {[%clk 0:02:55]} 14. Nd2 {[%clk 0:02:35]}  Re8 {[%clk 0:02:55]} 15. Nb3 {[%clk 0:02:32]}  a4 {[%clk 0:02:53]} 16. Na1 {[%clk 0:02:32]}  Nd4 {[%clk 0:02:53]} 17. Qd2 {[%clk 0:02:29]}  Nxe2+ {[%clk 0:02:52]} 18. Kh1 {[%clk 0:02:30]}  Nxc1 {[%clk 0:02:52]} 19. Rxc1 {[%clk 0:02:30]}  Qf6 {[%clk 0:02:51]} 20. b3 {[%clk 0:02:26]}  axb3 {[%clk 0:02:43]} 21. Nxb3 {[%clk 0:02:27]}  Rxa3 {[%clk 0:02:43]} 22. Rb1 {[%clk 0:02:25]}  Rxb3 {[%clk 0:02:35]} 23. Rxb3 {[%clk 0:02:22]}  Qa1+ {[%clk 0:02:35]} 24. Qc1 {[%clk 0:02:22]}  Re1+ {[%clk 0:02:35]} 25. Bf1 {[%clk 0:02:20]}  Rxf1+ {[%clk 0:02:33]} 26. Kg2 {[%clk 0:02:19]}  Rxc1 {[%clk 0:02:33]} 27. Bxc1 {[%clk 0:02:18]}  Qxc1 {[%clk 0:02:34]} 28. Rxb6 {[%clk 0:02:18]}  Bc8 {[%clk 0:02:25]} 29. Rb8 {[%clk 0:02:17]}  Bf8 {[%clk 0:02:22]} 30. Rxc8 {[%clk 0:02:17]}  c4 {[%clk 0:02:23]} 31. dxc4 {[%clk 0:02:16]}  dxc4 {[%clk 0:02:24]} 32. Kf3 {[%clk 0:02:16]}  c3 {[%clk 0:02:24]} 33. Ke2 {[%clk 0:02:16]}  Qd2+ {[%clk 0:02:24]} 34. Kf3 {[%clk 0:02:16]}  c2 {[%clk 0:02:25]} 35. h4 {[%clk 0:02:13]}  c1=Q {[%clk 0:02:25]} 36. Rxc1 {[%clk 0:02:14]}  Qxc1 {[%clk 0:02:26]} 37. g4 {[%clk 0:02:14]}  Qc6+ {[%clk 0:02:25]} 38. Kg3 {[%clk 0:02:14]}  h5 {[%clk 0:02:25]} 39. gxh5 {[%clk 0:02:13]}  gxh5 {[%clk 0:02:26]} 40. f4 {[%clk 0:02:13]}  Qe4 {[%clk 0:02:26]} 41. f5 {[%clk 0:02:13]}  Qxf5 {[%clk 0:02:26]} 42. Kh2 {[%clk 0:02:12]}  Qg4 {[%clk 0:02:25]} 43. Kh1 {[%clk 0:02:12]}  Qxh4+ {[%clk 0:02:25]} 44. Kg2 {[%clk 0:02:12]}  Qg4+ {[%clk 0:02:25]} 45. Kh2 {[%clk 0:02:13]}  h4 {[%clk 0:02:26]} 46. Kh1 {[%clk 0:02:13]}  h3 {[%clk 0:02:26]} 47. Kh2 {[%clk 0:02:13]}  Qg2# {[%clk 0:02:27]} 0-1